Vista normal
Vista MARC
Entrada Nombre corporativo
Número de registros utilizados en: 2
001 - NÚMERO DE CONTROL
- Campo de control: 4731
003 - IDENTIFICADOR DE NÚMERO DE CONTROL
- Campo de control: ES-MaCES
005 - FECHA Y HORA DE LA ULTIMA MODIFICACION
- Campo de control: 20061004114000.0
008 - ELEMENTOS DE DATOS DE LONGITUD FIJA
- Campo de longitud fija: 061004 | azznnaabn |n ana d
035 ## - NÚMERO DE CONTROL DEL SISTEMA
- Número de control del sistema: CES20060002170e
040 ## - FUENTE DE LA CATALOGACIÓN
- Agencia original de catalogación: ES-MaCES
- Idioma de catalogación: spa
- Agencia de transcripción: ES-MaCES
110 2# - ENCABEZAMIENTO--NOMBRE CORPORATIVO
- Nombre corporativo o de jurisdicción como elemento de entrada: Organización Internacional del Trabajo
- Unidad subordinada: Departamento de Diálogo Social, Legislación y Administración del Trabajo (Dialogue))
670 ## - FUENTE DE DATOS ENCONTRADOS
- Fuente de citación: www.ilo.org/ifpdial (contactar)
901 ## - CES. DATOS SIRTEX
- ID Sirtex (N5N8): 0001800006683
- 005BIS Sirtex: 200610041140ALORITE

